01065cam a22002534a 4500999001500000001000600015003000900021005001700030008004100047020001800088040008100106082002000187100001900207245007600226260004300302300002900345650002200374650002100396650001300417942001200430952011800442952013300560952011800693 c1399d139911797BD-DhUAP20200206120227.0200206s2007 bg b 001 0 eng  a9843000008338 aDLCcDLCdBAKERdUKMdC#PdYDXCPdOCLCQdCOOdIXAdBTCTAdBD-DhUAPdDLCbEng00a347.052 AHA2231 aAhamuduzzaman.14aLegal profession and ethics trial and advocacy skills /cAhamuduzzaman. aDhaka :bDhaka law book house,cc2007. axiv, 260 pages ;c22 cm. a Trial practice. aPractice of law. aLawyers. 2ddccBK 00102ddc4070aUAPCLbUAPCLcGeneral Stacksd2020-02-06o347.052 AHAp3010011797r2020-02-06t1w2020-02-06yBK 00102ddc4070aUAPCLbUAPCLcGeneral Stacksd2020-02-06l2o347.052 AHAp3010011795r2025-02-16s2025-02-04t2w2020-02-06yBK 00102ddc4070aUAPCLbUAPCLcGeneral Stacksd2020-02-06o347.052 AHAp3010011796r2020-02-06t3w2020-02-06yBK